00804cam a2200265 a 45000010008000000030004000080050017000120080041000290100017000700200018000870400018001050420009001230500022001320820020001541000026001742450030002002500012002302600041002423000021002835620006003046500026003106500012003368560086003488560104004344520178LC 20160322145216.0990324s1999 cau j 000 1 eng  a 99006293  a9780439221603 aDLCcDLCdDLC alcac00aPZ 7b.B6236 199900aFIC bB56c 19991 aBloor, Edward,d1950-10aCrusader /cEdward Bloor. a1st ed. aSan Diego :bHarcourt Brace,cc1999. a591 p. ;c17 cm. e1 aDetectivexFiction.  aTitle. 423Publisher descriptionuhttp://www.loc.gov/catdir/description/har021/99006293.html423Contributor biographical informationuhttp://www.loc.gov/catdir/enhancements/fy1003/99006293-b.html